Science Quiz

Random Science or Animal Quiz

Rodent or No-dent? Quiz Stats

 Plays Quiz Updated May 14, 2015

Also try: Feline or Lyin'
Challenge
Share
Tweet
Embed
Score 0/12 Timer 04:00
0 Plays Today
% Correct
Rat
90.4%
Mouse
88.3%
Hamster
85.5%
Squirrel
83.1%
Chipmunk
83%
Gopher
72.7%
Prairie Dog
63.5%
Chinchilla
62.1%
Capybara
57.2%
Woodchuck
55.5%
Beaver
52.9%
Marmot
44.6%

You're not logged in!

Compare scores with friends on all Sporcle quizzes.
OR
Log In

You Might Also Like...

Show Comments

Extras

Top Quizzes Today


Score Distribution

Your Account Isn't Verified!

In order to create a playlist on Sporcle, you need to verify the email address you used during registration. Go to your Sporcle Settings to finish the process.

Report this User

Report this user for behavior that violates our Community Guidelines.

Details: